[Event "Baku Chess Olympiad | Open"]
[Site "chess24.com"]
[Date "2016.09.12"]
[Round "10"]
[White "Yu, Yangyi"]
[Black "Stupak, Kirill"]
[Result "1-0"]
[Board "3"]
[WhiteID "8603820"]
[WhiteElo "2725"]
[WhiteTitle "GM"]
[WhiteCountry "CHN"]
[WhiteFideId "8603820"]
[WhiteEloChange "3"]
[BlackID "13503758"]
[BlackElo "2561"]
[BlackTitle "GM"]
[BlackCountry "BLR"]
[BlackFideId "13503758"]
[BlackEloChange "-3"]

1. Nf3 {[%clk 1:30:56]} d5 {[%clk 1:30:35]} 2. d4 {[%clk 1:31:08]} c5 {[%clk
1:31:00]} 3. dxc5 {[%clk 1:26:44]} e6 {[%clk 1:26:19]} 4. e4 {[%clk 1:18:24]}
Bxc5 {[%clk 1:25:48]} 5. Nc3 {[%clk 1:12:06]} d4 {[%clk 1:18:23]} 6. Na4 {[%clk
1:08:53]} Qa5+ {[%clk 1:12:36]} 7. c3 {[%clk 1:09:08]} dxc3 {[%clk 1:13:04]} 8.
Nxc3 {[%clk 1:08:28]} Nf6 {[%clk 1:08:23]} 9. Bd3 {[%clk 1:08:19]} Nc6 {[%clk
1:03:16]} 10. O-O {[%clk 1:07:13]} e5 {[%clk 0:59:27]} 11. Bg5 {[%clk 1:04:59]}
Be6 {[%clk 0:57:05]} 12. Bb5 {[%clk 0:59:46]} Nd7 {[%clk 0:54:14]} 13. a3 {[%clk
0:55:21]} Bd4 {[%clk 0:38:47]} 14. b4 {[%clk 0:53:58]} Qb6 {[%clk 0:36:12]} 15.
Nd5 {[%clk 0:52:41]} Bxd5 {[%clk 0:15:18]} 16. exd5 {[%clk 0:53:05]} f6 {[%clk
0:12:55]} 17. dxc6 {[%clk 0:51:39]} bxc6 {[%clk 0:13:18]} 18. Nxd4 {[%clk
0:51:32]} exd4 {[%clk 0:13:33]} 19. Re1+ {[%clk 0:48:32]} Kd8 {[%clk 0:14:02]}
20. Ba4 {[%clk 0:42:47]} fxg5 {[%clk 0:14:14]} 21. Rc1 {[%clk 0:43:12]} Rc8
{[%clk 0:12:40]} 22. Re6 {[%clk 0:40:49]} Re8 {[%clk 0:12:19]} 23. Rxe8+ {[%clk
0:38:55]} Kxe8 {[%clk 0:12:46]} 24. Qh5+ {[%clk 0:39:20]} Kf8 {[%clk 0:07:59]}
25. Qxh7 {[%clk 0:37:16]} Qa6 {[%clk 0:06:11]} 26. Qh8+ {[%clk 0:30:00]} Kf7
{[%clk 0:06:22]} 27. Qh5+ {[%clk 0:30:11]} Ke7 {[%clk 0:05:00]} 28. Qxg5+ {[%clk
0:30:01]} Kf8 {[%clk 0:04:53]} 29. Bb3 {[%clk 0:27:34]} Qd3 {[%clk 0:04:17]} 30.
Qf4+ {[%clk 0:27:21]} Ke7 {[%clk 0:04:27]} 31. Re1+ {[%clk 0:27:39]} Kd8 {[%clk
0:04:31]} 32. Bf7 {[%clk 0:28:02]} 1-0

[Event "Baku Chess Olympiad | Open"]
[Site "chess24.com"]
[Date "2016.09.12"]
[Round "10"]
[White "Aleksandrov, Aleksej"]
[Black "Li, Chao b"]
[Result "1-0"]
[Board "4"]
[WhiteID "13500139"]
[WhiteElo "2547"]
[WhiteTitle "GM"]
[WhiteCountry "BLR"]
[WhiteFideId "13500139"]
[WhiteEloChange "8"]
[BlackID "8604436"]
[BlackElo "2746"]
[BlackTitle "GM"]
[BlackCountry "CHN"]
[BlackFideId "8604436"]
[BlackEloChange "-8"]

1. d4 {[%clk 1:30:55]} Nf6 {[%clk 1:30:50]} 2. Bg5 {[%clk 1:31:08]} d5 {[%clk
1:30:43]} 3. e3 {[%clk 1:31:04]} g6 {[%clk 1:30:56]} 4. Bxf6 {[%clk 1:27:02]}
exf6 {[%clk 1:31:18]} 5. g3 {[%clk 1:25:11]} Bd6 {[%clk 1:31:26]} 6. Bg2 {[%clk
1:25:36]} c6 {[%clk 1:31:46]} 7. b3 {[%clk 1:25:52]} h5 {[%clk 1:25:48]} 8. h4
{[%clk 1:20:46]} Bg4 {[%clk 1:24:16]} 9. Ne2 {[%clk 1:21:11]} Nd7 {[%clk
1:24:34]} 10. Nd2 {[%clk 1:19:15]} Qe7 {[%clk 1:15:42]} 11. c4 {[%clk 1:16:38]}
c5 {[%clk 1:11:38]} 12. f3 {[%clk 1:09:37]} cxd4 {[%clk 1:02:08]} 13. fxg4 {[%clk
0:51:51]} Qxe3 {[%clk 0:58:18]} 14. Kf1 {[%clk 0:52:13]} d3 {[%clk 0:50:09]} 15.
Bxd5 {[%clk 0:49:57]} Be5 {[%clk 0:48:04]} 16. Nf4 {[%clk 0:46:01]} Qxg3 {[%clk
0:37:04]} 17. Ng2 {[%clk 0:41:30]} Bxa1 {[%clk 0:36:55]} 18. Qxa1 {[%clk
0:41:57]} Qxg4 {[%clk 0:36:30]} 19. Bf3 {[%clk 0:34:24]} Qf5 {[%clk 0:33:15]} 20.
Ne3 {[%clk 0:23:01]} Qf4 {[%clk 0:31:31]} 21. Qe1 {[%clk 0:23:18]} O-O {[%clk
0:27:19]} 22. Nd5 {[%clk 0:23:40]} Qd4 {[%clk 0:27:28]} 23. Qe4 {[%clk 0:18:30]}
Qxe4 {[%clk 0:23:58]} 24. Bxe4 {[%clk 0:17:32]} Nc5 {[%clk 0:24:17]} 25. Rh3
{[%clk 0:16:36]} Kg7 {[%clk 0:18:10]} 26. Bxd3 {[%clk 0:13:30]} Nxd3 {[%clk
0:17:59]} 27. Rxd3 {[%clk 0:13:55]} Rae8 {[%clk 0:18:24]} 28. Kf2 {[%clk
0:09:33]} Re6 {[%clk 0:17:33]} 29. Nc7 {[%clk 0:09:34]} Re7 {[%clk 0:16:02]} 30.
Nd5 {[%clk 0:09:58]} Rd8 {[%clk 0:16:10]} 31. a4 {[%clk 0:09:25]} Re6 {[%clk
0:15:44]} 32. Nf3 {[%clk 0:09:37]} Re4 {[%clk 0:13:40]} 33. a5 {[%clk 0:05:37]}
f5 {[%clk 0:09:52]} 34. Rd2 {[%clk 0:05:30]} f6 {[%clk 0:09:47]} 35. Ra2 {[%clk
0:05:16]} Rd6 {[%clk 0:08:40]} 36. Ra4 {[%clk 0:04:30]} Kh6 {[%clk 0:08:34]} 37.
Nc3 {[%clk 0:04:11]} Rf4 {[%clk 0:03:53]} 38. Nd5 {[%clk 0:03:03]} Rg4 {[%clk
0:04:18]} 39. Ne3 {[%clk 0:02:40]} Re4 {[%clk 0:04:41]} 40. Nd5 {[%clk 0:32:58]}
f4 {[%clk 0:30:48]} 41. c5 {[%clk 0:26:31]} Rxd5 {[%clk 0:24:20]} 42. Rxe4 {[%clk
0:25:11]} Rxc5 {[%clk 0:24:48]} 43. Rxf4 {[%clk 0:17:48]} Rxa5 {[%clk 0:24:22]}
44. Rxf6 {[%clk 0:18:11]} Rb5 {[%clk 0:21:21]} 45. Rf7 {[%clk 0:17:52]} Rb4
{[%clk 0:20:50]} 46. Ke2 {[%clk 0:17:20]} a5 {[%clk 0:20:55]} 47. Kf2 {[%clk
0:14:38]} b6 {[%clk 0:14:34]} 48. Kg2 {[%clk 0:13:31]} g5 {[%clk 0:13:44]} 49.
hxg5+ {[%clk 0:13:51]} Kg6 {[%clk 0:14:12]} 50. Rf6+ {[%clk 0:14:10]} Kg7 {[%clk
0:14:39]} 51. Rd6 {[%clk 0:13:31]} Rg4+ {[%clk 0:06:28]} 52. Kh3 {[%clk 0:12:39]}
b5 {[%clk 0:04:47]} 53. Rd7+ {[%clk 0:09:22]} Kg8 {[%clk 0:05:05]} 54. Rd4 {[%clk
0:09:49]} a4 {[%clk 0:05:13]} 55. bxa4 {[%clk 0:10:04]} 1-0

[Event "Baku Chess Olympiad | Open"]
[Site "chess24.com"]
[Date "2016.09.12"]
[Round "10"]
[White "Berkes, Ferenc"]
[Black "Giri, Anish"]
[Result "1/2-1/2"]
[Board "1"]
[WhiteID "718572"]
[WhiteElo "2640"]
[WhiteTitle "GM"]
[WhiteCountry "HUN"]
[WhiteFideId "718572"]
[WhiteEloChange "2"]
[BlackID "24116068"]
[BlackElo "2755"]
[BlackTitle "GM"]
[BlackCountry "NED"]
[BlackFideId "24116068"]
[BlackEloChange "-2"]

1. d4 {[%clk 1:30:57]} Nf6 {[%clk 1:30:42]} 2. Nf3 {[%clk 1:31:21]} d5 {[%clk
1:29:40]} 3. Bf4 {[%clk 1:31:43]} Bf5 {[%clk 1:28:27]} 4. e3 {[%clk 1:22:44]} e6
{[%clk 1:28:27]} 5. Nbd2 {[%clk 1:22:44]} Bd6 {[%clk 1:28:27]} 6. Ne5 {[%clk
1:22:44]} Qe7 {[%clk 1:27:46]} 7. Be2 {[%clk 1:22:44]} Nfd7 {[%clk 1:27:46]} 8.
Nxd7 {[%clk 1:22:44]} Nxd7 {[%clk 1:27:46]} 9. Bxd6 {[%clk 1:22:44]} Qxd6 {[%clk
1:27:46]} 10. c4 {[%clk 1:22:44]} O-O {[%clk 1:27:46]} 11. O-O {[%clk 1:22:44]}
a5 {[%clk 1:27:46]} 12. Qb3 {[%clk 1:22:44]} Qb4 {[%clk 1:27:46]} 13. Qc3 {[%clk
1:22:44]} c6 {[%clk 1:27:46]} 14. Rfc1 {[%clk 1:22:44]} Qe7 {[%clk 1:27:46]} 15.
a3 {[%clk 1:22:44]} Nf6 {[%clk 1:27:46]} 16. cxd5 {[%clk 1:22:44]} exd5 {[%clk
1:27:46]} 17. b4 {[%clk 1:22:44]} axb4 {[%clk 1:27:46]} 18. axb4 {[%clk 1:22:44]}
h5 {[%clk 1:27:46]} 19. Qc5 {[%clk 1:22:44]} Qe6 {[%clk 1:27:46]} 20. b5 {[%clk
1:22:44]} cxb5 {[%clk 1:27:46]} 21. Qxb5 {[%clk 1:22:44]} Qe7 {[%clk 1:27:46]}
22. h3 {[%clk 1:22:44]} g6 {[%clk 1:27:46]} 23. Bf3 {[%clk 1:22:44]} Qd7 {[%clk
0:40:41]} 24. Qb6 {[%clk 0:34:34]} Rxa1 {[%clk 0:35:55]} 25. Rxa1 {[%clk
0:34:56]} Qc6 {[%clk 0:36:09]} 26. Qxc6 {[%clk 0:32:39]} bxc6 {[%clk 0:36:36]}
27. Ra6 {[%clk 0:32:55]} Rc8 {[%clk 0:35:34]} 28. Nb3 {[%clk 0:32:54]} Kg7 {[%clk
0:33:57]} 29. h4 {[%clk 0:27:55]} Bg4 {[%clk 0:32:14]} 30. Nc5 {[%clk 0:25:07]}
Bxf3 {[%clk 0:17:41]} 31. gxf3 {[%clk 0:25:30]} Ng8 {[%clk 0:18:08]} 32. Ra7
{[%clk 0:21:45]} Nh6 {[%clk 0:18:33]} 33. Nd7 {[%clk 0:20:05]} Re8 {[%clk
0:18:46]} 34. Ra6 {[%clk 0:17:43]} Rc8 {[%clk 0:16:21]} 35. e4 {[%clk 0:16:27]}
Re8 {[%clk 0:14:02]} 36. Nc5 {[%clk 0:13:49]} dxe4 {[%clk 0:08:45]} 37. fxe4
{[%clk 0:14:12]} Rd8 {[%clk 0:09:09]} 38. Ra7 {[%clk 0:13:56]} Kf6 {[%clk
0:09:02]} 39. Ra4 {[%clk 0:14:03]} g5 {[%clk 0:04:54]} 40. Ra6 {[%clk 0:42:04]}
Rxd4 {[%clk 0:30:44]} 41. Rxc6+ {[%clk 0:42:26]} Kg7 {[%clk 0:31:12]} 42. hxg5
{[%clk 0:42:46]} Ng4 {[%clk 0:31:38]} 43. f3 {[%clk 0:38:44]} Ne5 {[%clk
0:28:38]} 44. Rf6 {[%clk 0:39:01]} Rc4 {[%clk 0:27:34]} 45. Nb7 {[%clk 0:38:37]}
Nxf3+ {[%clk 0:27:42]} 46. Rxf3 {[%clk 0:39:00]} Rxe4 {[%clk 0:28:10]} 47. Nd6
{[%clk 0:36:49]} Rg4+ {[%clk 0:28:28]} 48. Kh2 {[%clk 0:37:10]} Rxg5 {[%clk
0:28:46]} 49. Nxf7 {[%clk 0:37:31]} Rd5 {[%clk 0:28:58]} 50. Kh3 {[%clk 0:37:25]}
1/2-1/2

[Event "Baku Chess Olympiad | Open"]
[Site "chess24.com"]
[Date "2016.09.12"]
[Round "10"]
[White "L'Ami, Erwin"]
[Black "Almasi, Zoltan"]
[Result "1/2-1/2"]
[Board "2"]
[WhiteID "1007998"]
[WhiteElo "2611"]
[WhiteTitle "GM"]
[WhiteCountry "NED"]
[WhiteFideId "1007998"]
[WhiteEloChange "1"]
[BlackID "702293"]
[BlackElo "2684"]
[BlackTitle "GM"]
[BlackCountry "HUN"]
[BlackFideId "702293"]
[BlackEloChange "-1"]

1. d4 {[%clk 1:30:56]} Nf6 {[%clk 1:30:50]} 2. c4 {[%clk 1:31:18]} e6 {[%clk
1:31:14]} 3. Nc3 {[%clk 1:31:40]} Bb4 {[%clk 1:31:33]} 4. Qc2 {[%clk 1:32:01]}
O-O {[%clk 1:31:02]} 5. a3 {[%clk 1:32:21]} Bxc3+ {[%clk 1:31:25]} 6. Qxc3 {[%clk
1:32:45]} d6 {[%clk 1:31:06]} 7. f3 {[%clk 1:32:30]} Nbd7 {[%clk 1:31:06]} 8. e4
{[%clk 1:32:30]} c5 {[%clk 1:27:41]} 9. d5 {[%clk 1:21:40]} b5 {[%clk 1:26:47]}
10. Bg5 {[%clk 1:15:22]} exd5 {[%clk 1:02:18]} 11. Bxf6 {[%clk 1:12:52]} Nxf6
{[%clk 1:02:39]} 12. cxd5 {[%clk 1:13:15]} Qb6 {[%clk 1:02:56]} 13. Ne2 {[%clk
1:11:55]} Re8 {[%clk 1:02:19]} 14. Rd1 {[%clk 1:10:01]} a5 {[%clk 1:01:55]} 15.
Ng3 {[%clk 1:07:08]} Bd7 {[%clk 0:55:05]} 16. Be2 {[%clk 1:06:37]} b4 {[%clk
0:34:37]} 17. axb4 {[%clk 1:00:36]} axb4 {[%clk 0:33:48]} 18. Qd2 {[%clk
0:59:14]} h5 {[%clk 0:21:19]} 19. h4 {[%clk 0:54:17]} g6 {[%clk 0:21:45]} 20. O-O
{[%clk 0:53:05]} Ba4 {[%clk 0:15:44]} 21. Rc1 {[%clk 0:50:38]} Qd8 {[%clk
0:15:21]} 22. Rfe1 {[%clk 0:47:28]} Nd7 {[%clk 0:14:30]} 23. Qf4 {[%clk 0:47:12]}
Ne5 {[%clk 0:14:22]} 24. Nf1 {[%clk 0:46:36]} Bd7 {[%clk 0:12:47]} 25. Ne3 {[%clk
0:45:59]} Ra2 {[%clk 0:12:37]} 26. Rb1 {[%clk 0:45:56]} Kg7 {[%clk 0:10:00]} 27.
Nc4 {[%clk 0:40:09]} Qe7 {[%clk 0:10:22]} 28. Nxe5 {[%clk 0:37:45]} dxe5 {[%clk
0:08:38]} 29. Qg5 {[%clk 0:37:39]} Qd6 {[%clk 0:04:29]} 30. Bc4 {[%clk 0:36:31]}
Raa8 {[%clk 0:03:58]} 31. Ra1 {[%clk 0:35:30]} f6 {[%clk 0:03:09]} 32. Qe3 {[%clk
0:35:15]} Rec8 {[%clk 0:02:39]} 33. Rec1 {[%clk 0:33:33]} Be8 {[%clk 0:02:15]}
34. Qe1 {[%clk 0:30:55]} Qb6 {[%clk 0:01:30]} 35. Rxa8 {[%clk 0:29:08]} Rxa8
{[%clk 0:01:59]} 36. Ra1 {[%clk 0:29:28]} Ra7 {[%clk 0:01:22]} 37. Rxa7+ {[%clk
0:28:19]} Qxa7 {[%clk 0:01:51]} 38. d6 {[%clk 0:28:28]} Bd7 {[%clk 0:00:38]} 39.
f4 {[%clk 0:16:35]} Qb6 {[%clk 0:00:38]} 40. fxe5 {[%clk 0:44:55]} fxe5 {[%clk
0:31:07]} 41. Qd2 {[%clk 0:44:10]} Qc6 {[%clk 0:22:29]} 42. Qd3 {[%clk 0:42:39]}
Qa8 {[%clk 0:22:25]} 43. Qe3 {[%clk 0:23:26]} Qc6 {[%clk 0:20:47]} 44. Qd3 {[%clk
0:22:36]} Qa8 {[%clk 0:21:12]} 45. Qe3 {[%clk 0:16:33]} 1/2-1/2

[Event "Baku Chess Olympiad | Open"]
[Site "chess24.com"]
[Date "2016.09.12"]
[Round "10"]
[White "Balogh, Csaba"]
[Black "Van Wely, Loek"]
[Result "1-0"]
[Board "3"]
[WhiteID "718939"]
[WhiteElo "2614"]
[WhiteTitle "GM"]
[WhiteCountry "HUN"]
[WhiteFideId "718939"]
[WhiteEloChange "6"]
[BlackID "1000268"]
[BlackElo "2674"]
[BlackTitle "GM"]
[BlackCountry "NED"]
[BlackFideId "1000268"]
[BlackEloChange "-6"]

1. e4 {[%clk 1:30:51]} c5 {[%clk 1:30:51]} 2. Nf3 {[%clk 1:31:02]} d6 {[%clk
1:31:11]} 3. d4 {[%clk 1:30:33]} cxd4 {[%clk 1:31:34]} 4. Nxd4 {[%clk 1:30:44]}
Nf6 {[%clk 1:31:54]} 5. Nc3 {[%clk 1:31:09]} a6 {[%clk 1:32:13]} 6. g3 {[%clk
1:30:54]} e6 {[%clk 1:32:53]} 7. Bg2 {[%clk 1:30:54]} Be7 {[%clk 1:32:53]} 8. O-O
{[%clk 1:30:54]} O-O {[%clk 1:32:53]} 9. a4 {[%clk 1:22:49]} Nc6 {[%clk 1:31:04]}
10. Be3 {[%clk 1:22:49]} Bd7 {[%clk 1:31:04]} 11. Qe2 {[%clk 1:22:49]} Ne5 {[%clk
1:15:27]} 12. Kh1 {[%clk 1:10:51]} Rc8 {[%clk 1:09:38]} 13. f4 {[%clk 1:10:43]}
Nc4 {[%clk 1:08:02]} 14. Bc1 {[%clk 1:11:01]} Qb6 {[%clk 1:01:56]} 15. Nb3 {[%clk
1:08:19]} Qc7 {[%clk 1:01:22]} 16. Nd4 {[%clk 0:59:52]} Rfe8 {[%clk 0:51:43]} 17.
b3 {[%clk 0:58:54]} e5 {[%clk 0:47:04]} 18. Nf5 {[%clk 0:56:26]} Bxf5 {[%clk
0:44:45]} 19. exf5 {[%clk 0:56:45]} Nb6 {[%clk 0:44:29]} 20. Bb2 {[%clk 0:51:26]}
exf4 {[%clk 0:38:11]} 21. a5 {[%clk 0:40:07]} Nbd7 {[%clk 0:37:59]} 22. gxf4
{[%clk 0:40:11]} d5 {[%clk 0:31:56]} 23. Qf3 {[%clk 0:37:02]} d4 {[%clk 0:16:20]}
24. Nd5 {[%clk 0:36:25]} Nxd5 {[%clk 0:12:35]} 25. Qxd5 {[%clk 0:36:41]} Bf6
{[%clk 0:12:17]} 26. Bxd4 {[%clk 0:34:36]} Bxd4 {[%clk 0:06:59]} 27. Qxd4 {[%clk
0:35:00]} Nf6 {[%clk 0:07:07]} 28. c4 {[%clk 0:32:16]} Ng4 {[%clk 0:04:38]} 29.
Qb6 {[%clk 0:30:56]} Ne3 {[%clk 0:04:04]} 30. Qxc7 {[%clk 0:24:14]} Rxc7 {[%clk
0:04:32]} 31. Rfe1 {[%clk 0:24:39]} Kf8 {[%clk 0:04:40]} 32. f6 {[%clk 0:24:15]}
gxf6 {[%clk 0:04:37]} 33. Bf3 {[%clk 0:21:49]} Rd7 {[%clk 0:04:43]} 34. Re2
{[%clk 0:19:58]} Re6 {[%clk 0:03:36]} 35. c5 {[%clk 0:16:48]} Nf5 {[%clk
0:03:24]} 36. b4 {[%clk 0:10:34]} Rxe2 {[%clk 0:01:34]} 37. Bxe2 {[%clk 0:11:00]}
Nd4 {[%clk 0:01:57]} 38. Bg4 {[%clk 0:09:32]} f5 {[%clk 0:01:44]} 39. Bh3 {[%clk
0:09:58]} Ke7 {[%clk 0:00:39]} 40. Re1+ {[%clk 0:39:28]} Kd8 {[%clk 0:30:45]} 41.
Rd1 {[%clk 0:29:40]} h6 {[%clk 0:26:29]} 42. Kg2 {[%clk 0:29:50]} Kc7 {[%clk
0:24:47]} 43. Kf2 {[%clk 0:23:34]} Rd8 {[%clk 0:14:33]} 44. Bg2 {[%clk 0:11:47]}
Rd7 {[%clk 0:12:48]} 45. Bh3 {[%clk 0:08:06]} Rd8 {[%clk 0:07:13]} 46. Bg2 {[%clk
0:08:21]} Rd7 {[%clk 0:07:41]} 47. Rd2 {[%clk 0:08:41]} Nc6 {[%clk 0:07:23]} 48.
Rxd7+ {[%clk 0:09:03]} Kxd7 {[%clk 0:07:49]} 49. Ke3 {[%clk 0:07:20]} Ke6 {[%clk
0:01:03]} 50. Bf3 {[%clk 0:03:46]} Kd7 {[%clk 0:00:33]} 51. Bd5 {[%clk 0:03:08]}
f6 {[%clk 0:00:49]} 52. Bf3 {[%clk 0:02:43]} Ke6 {[%clk 0:01:09]} 53. Kd2 {[%clk
0:02:22]} Kd7 {[%clk 0:01:05]} 54. Kc3 {[%clk 0:02:45]} Kc7 {[%clk 0:01:20]} 55.
Kc4 {[%clk 0:02:00]} Ne7 {[%clk 0:01:30]} 56. Bh5 {[%clk 0:02:19]} Kd7 {[%clk
0:01:11]} 57. Bf7 {[%clk 0:02:44]} Kc7 {[%clk 0:01:14]} 58. Be8 {[%clk 0:01:06]}
Kd8 {[%clk 0:01:09]} 59. Bh5 {[%clk 0:01:02]} Kc7 {[%clk 0:01:31]} 60. Be8 {[%clk
0:00:46]} Kd8 {[%clk 0:01:57]} 61. Bf7 {[%clk 0:01:12]} Kc7 {[%clk 0:02:16]} 62.
h3 {[%clk 0:01:27]} Kc6 {[%clk 0:02:26]} 63. Be8+ {[%clk 0:01:38]} Kc7 {[%clk
0:02:52]} 64. Bf7 {[%clk 0:02:03]} Kc6 {[%clk 0:03:04]} 65. Be8+ {[%clk 0:01:13]}
Kc7 {[%clk 0:02:56]} 66. Bh5 {[%clk 0:01:30]} Kc6 {[%clk 0:02:59]} 67. Bf7 {[%clk
0:01:55]} Kc7 {[%clk 0:03:09]} 68. h4 {[%clk 0:01:49]} Kc6 {[%clk 0:01:57]} 69.
Be8+ {[%clk 0:02:13]} Kc7 {[%clk 0:02:24]} 70. Bf7 {[%clk 0:02:35]} Kc6 {[%clk
0:02:32]} 71. Bh5 {[%clk 0:03:01]} Kc7 {[%clk 0:02:44]} 72. Be8 {[%clk 0:03:25]}
Kd8 {[%clk 0:03:03]} 73. Bf7 {[%clk 0:03:38]} Kc7 {[%clk 0:02:52]} 74. h5 {[%clk
0:03:51]} Nc6 {[%clk 0:01:24]} 75. Bd5 {[%clk 0:02:57]} Ne7 {[%clk 0:01:44]} 76.
Bf3 {[%clk 0:03:12]} Nc6 {[%clk 0:01:46]} 77. Bg2 {[%clk 0:03:38]} Ne7 {[%clk
0:01:04]} 78. Bh1 {[%clk 0:03:04]} Nc6 {[%clk 0:01:24]} 79. Bd5 {[%clk 0:03:31]}
Ne7 {[%clk 0:01:22]} 80. Bf3 {[%clk 0:03:57]} Nc6 {[%clk 0:01:34]} 81. Bg2 {[%clk
0:04:21]} Ne7 {[%clk 0:01:27]} 82. Bh1 {[%clk 0:04:41]} Nc6 {[%clk 0:01:50]} 83.
Bf3 {[%clk 0:05:08]} Ne7 {[%clk 0:01:32]} 84. Bd1 {[%clk 0:05:34]} Nc6 {[%clk
0:01:37]} 85. Bc2 {[%clk 0:05:46]} Ne7 {[%clk 0:02:01]} 86. Bb3 {[%clk 0:06:07]}
Kc6 {[%clk 0:02:04]} 87. Bc2 {[%clk 0:06:13]} Kc7 {[%clk 0:01:52]} 88. Ba4 {[%clk
0:03:10]} Kc8 {[%clk 0:01:22]} 89. b5 {[%clk 0:01:21]} axb5+ {[%clk 0:01:39]} 90.
Bxb5 {[%clk 0:01:50]} Kc7 {[%clk 0:01:53]} 91. Kd4 {[%clk 0:01:49]} Kb8 {[%clk
0:01:28]} 92. a6 {[%clk 0:01:46]} bxa6 {[%clk 0:01:16]} 93. Bxa6 {[%clk 0:02:14]}
Kc7 {[%clk 0:00:55]} 94. Bb5 {[%clk 0:02:40]} Kb7 {[%clk 0:01:02]} 95. Kc4 {[%clk
0:02:01]} Kc7 {[%clk 0:01:25]} 96. Ba4 {[%clk 0:02:28]} Kb7 {[%clk 0:01:30]} 97.
Bd1 {[%clk 0:02:54]} Kc7 {[%clk 0:01:23]} 98. Bf3 {[%clk 0:03:22]} Kd7 {[%clk
0:01:17]} 99. Kb5 {[%clk 0:03:36]} Kc7 {[%clk 0:01:42]} 100. c6 {[%clk 0:03:15]}
Kd8 {[%clk 0:00:46]} 101. Kc5 {[%clk 0:01:05]} Nc8 {[%clk 0:01:04]} 102. Bg2
{[%clk 0:00:56]} Ke7 {[%clk 0:00:42]} 103. c7 {[%clk 0:00:49]} Kd7 {[%clk
0:00:44]} 104. Bb7 {[%clk 0:01:14]} Kxc7 {[%clk 0:00:52]} 105. Bxc8 {[%clk
0:01:40]} Kxc8 {[%clk 0:01:18]} 106. Kc6 {[%clk 0:01:35]} Kd8 {[%clk 0:01:41]}
107. Kd6 {[%clk 0:02:02]} Ke8 {[%clk 0:02:03]} 108. Ke6 {[%clk 0:02:28]} Kf8
{[%clk 0:02:28]} 109. Kxf6 {[%clk 0:02:54]} Ke8 {[%clk 0:02:53]} 110. Kg6 {[%clk
0:02:39]} Ke7 {[%clk 0:03:19]} 111. Kxh6 {[%clk 0:02:33]} Kf6 {[%clk 0:03:43]}
112. Kh7 {[%clk 0:02:59]} Kf7 {[%clk 0:04:11]} 113. h6 {[%clk 0:03:24]} 1-0

[Event "Baku Chess Olympiad | Open"]
[Site "chess24.com"]
[Date "2016.09.12"]
[Round "10"]
[White "Van Kampen, Robin"]
[Black "Gledura, Benjamin"]
[Result "1/2-1/2"]
[Board "4"]
[WhiteID "1020854"]
[WhiteElo "2640"]
[WhiteTitle "GM"]
[WhiteCountry "NED"]
[WhiteFideId "1020854"]
[WhiteEloChange "-1"]
[BlackID "712779"]
[BlackElo "2585"]
[BlackTitle "IM"]
[BlackCountry "HUN"]
[BlackFideId "712779"]
[BlackEloChange "1"]

1. c4 {[%clk 1:30:57]} c6 {[%clk 1:30:40]} 2. d4 {[%clk 1:31:07]} d5 {[%clk
1:31:03]} 3. cxd5 {[%clk 1:31:34]} cxd5 {[%clk 1:31:26]} 4. Bf4 {[%clk 1:32:01]}
Nc6 {[%clk 1:30:32]} 5. e3 {[%clk 1:32:21]} Nf6 {[%clk 1:26:34]} 6. Nc3 {[%clk
1:32:21]} Bf5 {[%clk 1:26:34]} 7. Qb3 {[%clk 1:32:21]} Na5 {[%clk 1:26:34]} 8.
Qa4+ {[%clk 1:32:21]} Bd7 {[%clk 1:26:34]} 9. Qc2 {[%clk 1:32:21]} e6 {[%clk
1:26:34]} 10. Bd3 {[%clk 1:32:21]} Rc8 {[%clk 1:22:22]} 11. Nf3 {[%clk 1:32:16]}
Bb4 {[%clk 1:12:48]} 12. O-O {[%clk 1:27:38]} Nc4 {[%clk 1:07:48]} 13. Rfc1
{[%clk 1:10:12]} O-O {[%clk 0:57:23]} 14. Ne5 {[%clk 1:06:33]} Bxc3 {[%clk
0:50:59]} 15. bxc3 {[%clk 1:06:53]} Bb5 {[%clk 0:50:05]} 16. Bg5 {[%clk 1:03:05]}
h6 {[%clk 0:43:02]} 17. Bxf6 {[%clk 0:52:52]} gxf6 {[%clk 0:41:26]} 18. Nxc4
{[%clk 0:49:42]} Bxc4 {[%clk 0:41:44]} 19. Rab1 {[%clk 0:48:41]} b6 {[%clk
0:35:32]} 20. e4 {[%clk 0:37:49]} dxe4 {[%clk 0:34:00]} 21. Bxc4 {[%clk 0:36:50]}
Rxc4 {[%clk 0:34:24]} 22. Qxe4 {[%clk 0:37:14]} Qd5 {[%clk 0:32:43]} 23. Qxd5
{[%clk 0:33:42]} exd5 {[%clk 0:32:57]} 24. Rb4 {[%clk 0:33:55]} Rc7 {[%clk
0:28:24]} 25. Rb2 {[%clk 0:33:13]} Rfc8 {[%clk 0:25:40]} 26. Rbc2 {[%clk
0:33:34]} b5 {[%clk 0:23:26]} 27. Kf1 {[%clk 0:33:20]} Re8 {[%clk 0:22:48]} 28.
Rb2 {[%clk 0:27:33]} a6 {[%clk 0:20:05]} 29. a4 {[%clk 0:27:27]} bxa4 {[%clk
0:11:05]} 30. Rb4 {[%clk 0:27:35]} a3 {[%clk 0:03:31]} 31. Ra4 {[%clk 0:25:49]}
Re6 {[%clk 0:03:33]} 32. Rxa3 {[%clk 0:24:35]} Kf8 {[%clk 0:02:11]} 33. Ra5
{[%clk 0:21:58]} Rec6 {[%clk 0:02:34]} 34. Rxd5 {[%clk 0:21:20]} Rxc3 {[%clk
0:02:55]} 35. Rxc3 {[%clk 0:16:39]} Rxc3 {[%clk 0:03:21]} 36. Rd6 {[%clk
0:16:24]} a5 {[%clk 0:02:27]} 37. Rxf6 {[%clk 0:14:48]} Kg7 {[%clk 0:02:51]} 38.
Ra6 {[%clk 0:14:25]} Rd3 {[%clk 0:02:32]} 39. Rd6 {[%clk 0:14:34]} a4 {[%clk
0:02:47]} 40. Ke2 {[%clk 0:42:54]} Rb3 {[%clk 0:33:03]} 41. Ra6 {[%clk 0:35:00]}
a3 {[%clk 0:33:06]} 42. h4 {[%clk 0:25:23]} h5 {[%clk 0:25:40]} 43. Ra5 {[%clk
0:16:15]} Kg6 {[%clk 0:23:35]} 44. d5 {[%clk 0:08:21]} Kf6 {[%clk 0:22:27]} 45.
d6 {[%clk 0:07:22]} Rb2+ {[%clk 0:15:21]} 46. Ke3 {[%clk 0:07:09]} Rb3+ {[%clk
0:15:15]} 47. Ke2 {[%clk 0:06:23]} Rb2+ {[%clk 0:15:34]} 48. Ke3 {[%clk 0:06:08]}
Rb3+ {[%clk 0:15:58]} 49. Kd4 {[%clk 0:06:21]} Ke6 {[%clk 0:16:08]} 50. Ra6
{[%clk 0:04:36]} Rb4+ {[%clk 0:14:36]} 51. Kc5 {[%clk 0:04:37]} Rb2 {[%clk
0:14:32]} 52. Rxa3 {[%clk 0:01:27]} Rc2+ {[%clk 0:13:59]} 53. Kd4 {[%clk
0:01:45]} Rxf2 {[%clk 0:14:05]} 54. g3 {[%clk 0:01:24]} Kxd6 {[%clk 0:12:50]} 55.
Ra6+ {[%clk 0:01:30]} Ke7 {[%clk 0:12:57]} 56. Ke4 {[%clk 0:01:54]} Rf6 {[%clk
0:10:43]} 57. Ra5 {[%clk 0:01:46]} Rh6 {[%clk 0:10:29]} 58. Kf4 {[%clk 0:00:48]}
Kf8 {[%clk 0:10:02]} 59. Rg5 {[%clk 0:01:01]} Rh7 {[%clk 0:08:51]} 60. Ke4 {[%clk
0:01:00]} Rh6 {[%clk 0:09:02]} 61. Kf5 {[%clk 0:01:06]} Rh7 {[%clk 0:09:15]} 62.
Kf4 {[%clk 0:01:11]} Rh6 {[%clk 0:09:32]} 1/2-1/2